00428nam a22001571i 450000100060000010000410000610100080004720000340005521500230008930000490011270200210016170000260018221000240020822500190023241000190025111417 a20170304u u u0frey50 ba0 apor1 fCharles E. OshoaIntuição a196, [4] p.d22 cm aExemplar nÇ 0035502 oferta de Ana Faleiro 1aVazbElvira4730 1aOshobCharles E.4070 cSábadodD.L. 20062 aO melhor de si 0tO melhor de si